000 02093cam a22002174a 4500
005 20250605164051.0
008 250528s ||||||||||||||||||||||||d
035 _a17285
020 _a9608249066
040 _aGR-AtMCL
_bgre
_dGR-AtMCL
_eAACR2
245 1 _aΔημόσιες Σχέσεις / Η Λειτουργία της Επικοινωνίας στη Σύγχρονη Επιχείρηση
250 _a
260 _bΜπένου,
_c2001
300 _a286
505 0 _aΈννοια και Περιεχόμενο των Δημοσίων Σχέσεων, Υποκείμενα και Αντικείμενα των Δημοσίων Σχέσεων, Οργάνωση της Λειτουργίας των Δημοσίων Σχέσεων, Μέσα Επικοινωνίας και Εκδηλώσεις Δημοσίων Σχέσεων, Ειδικά Θέματα Δημοσίων Σχέσεων, Η Έρευνα στο Σχεδιασμό των Δημοσίων Σχέσεων, Διαχείριση Κρίσεων, Ο Θεσμός της Χορηγία στις Δημόσιες Σχέσεις, Διαδίκτυο και Δημόσιες Σχέσεις, Ανάλυση Περιστατικών, Βιβλιογραφία.
520 _aΈννοια και Περιεχόμενο των Δημοσίων Σχέσεων, Υποκείμενα και Αντικείμενα των Δημοσίων Σχέσεων, Οργάνωση της Λειτουργίας των Δημοσίων Σχέσεων, Μέσα Επικοινωνίας και Εκδηλώσεις Δημοσίων Σχέσεων, Ειδικά Θέματα Δημοσίων Σχέσεων, Η Έρευνα στο Σχεδιασμό των Δημοσίων Σχέσεων, Διαχείριση Κρίσεων, Ο Θεσμός της Χορηγία στις Δημόσιες Σχέσεις, Διαδίκτυο και Δημόσιες Σχέσεις, Ανάλυση Περιστατικών, Βιβλιογραφία.
700 1 _aΠαπαλεξανδρή Νάνσυ
_91037
942 _cBK
999 _c2713
_d2713